[Event "POR-ch blitz"]
[Site "Almada"]
[Date "2017.06.10"]
[Round "5"]
[White "Pacheco, Joao"]
[Black "Pereira, Antonio Pedro Caram"]
[Result "1-0"]
[WhiteElo "2126"]
[BlackElo "2139"]
[PlyCount "77"]
[EventDate "2017.06.10"]
[EventType "swiss (blitz)"]
[EventRounds "11"]
[EventCountry "POR"]
[SourceTitle "CBM 178 Extra"]
[Source "ChessBase"]
[SourceDate "2017.06.22"]
[SourceVersion "1"]
[SourceVersionDate "2017.06.22"]
[SourceQuality "1"]

1. d4 e6 2. Nf3 Nf6 3. c4 d5 4. Nc3 Be7 5. Bg5 h6 6. Bh4 0-0 7. e3 Ne4 8. Bxe7 Qxe7 9. Rc1 c6 10. Bd3 Nxc3 11. Rxc3 dxc4 12. Bxc4 Nd7 13. 0-0 b6 14. Qe2 Bb7 15. Ba6 Bxa6 16. Qxa6 c5 17. Rfc1 cxd4 18. exd4 Qd6 19. Rc7 Nc5 20. R1xc5 e5 21. Rc1 exd4 22. Qd3 Rfd8 23. h3 Qb4 24. b3 Qd6 25. R7c4 Qa3 26. R1c2 a5 27. Ra4 Qe7 28. Rxd4 Rxd4 29. Nxd4 Rd8 30. Qe3 Qd7 31. Rd2 Qc7 32. Nf3 Qc1+ 33. Kh2 Qc7+ 34. g3 Rc8 35. Qd3 Qc5 36. Qd4 Qf5 37. Ne5 Re8 38. Nc4 b5 39. Nd6 1-0

[Event "POR-ch blitz"]
[Site "Almada"]
[Date "2017.06.10"]
[Round "4"]
[White "Rego, Pedro Filipe"]
[Black "Pacheco, Joao"]
[Result "0-1"]
[WhiteElo "2245"]
[BlackElo "2126"]
[PlyCount "178"]
[EventDate "2017.06.10"]
[EventType "swiss (blitz)"]
[EventRounds "11"]
[EventCountry "POR"]
[SourceTitle "CBM 178 Extra"]
[Source "ChessBase"]
[SourceDate "2017.06.22"]
[SourceVersion "1"]
[SourceVersionDate "2017.06.22"]
[SourceQuality "1"]

1. e4 d6 2. d4 c6 3. Be3 Nf6 4. Nc3 e5 5. f3 Qc7 6. Nge2 Be7 7. Qd2 b5 8. a3 Nbd7 9. d5 a6 10. dxc6 Qxc6 11. g4 h6 12. Nc1 Nc5 13. Nb3 Nxb3 14. cxb3 Be6 15. Rc1 Qb7 16. b4 Rc8 17. Be2 Rd8 18. Qc2 0-0 19. 0-0 d5 20. exd5 Nxd5 21. Nxd5 Bxd5 22. Qc7 Rd7 23. Qxb7 Bxb7 24. Rfd1 Rfd8 25. Bc5 Bg5 26. Rxd7 Rxd7 27. Rd1 Rxd1+ 28. Bxd1 Bc1 29. a4 bxa4 30. Bxa4 Bxb2 31. Kf2 Bd5 32. Bd7 f6 33. Bc8 Bc4 34. Ke3 Bc1+ 35. Kf2 Kf7 36. Bb7 g6 37. Bc8 Bd3 38. Bb7 f5 39. h3 Bb2 40. Ke3 Bc4 41. Bc8 Kf6 42. h4 Bc1+ 43. Kf2 fxg4 44. fxg4 Bb2 45. Ke3 Bc3 46. Bd6 Bd4+ 47. Ke4 Be2 48. Bc7 h5 49. Bd8+ Kf7 50. gxh5 gxh5 51. Bc7 Kf6 52. Bd8+ Kf7 53. Bg5 Bc3 54. Bd7 Bxb4 55. Kxe5 a5 56. Be6+ Kg7 57. Bf6+ Kg6 58. Bf5+ Kf7 59. Bg5 Bc3+ 60. Kd5 Bf6 61. Be6+ Kg7 62. Bd7 Bxg5 63. hxg5 Kg6 64. Ke4 Kxg5 65. Ke3 Bc4 66. Kf3 Bb3 67. Ke3 a4 68. Kd2 a3 69. Kc3 Bf7 70. Bh3 a2 71. Kb2 Kf4 72. Bc8 h4 73. Bd7 Ke5 74. Bh3 Be6 75. Bf1 Kf4 76. Bg2 Kg3 77. Bf1 Bd5 78. Ka1 Bg2 79. Bd3 h3 80. Bf5 h2 81. Kxa2 h1Q 82. Kb3 Bd5+ 83. Kb4 Qf3 84. Bc2 Qf8+ 85. Kc3 Kf2 86. Kd4 Bg8 87. Be4 Qd6+ 88. Kc3 Qc5+ 89. Kd2 Qd4+ 0-1

[Event "POR-chT3 final"]
[Site "Matosinhos"]
[Date "2013.08.24"]
[Round "2.1"]
[White "Pacheco, Joao"]
[Black "Branco, Joana Catarina Cost"]
[Result "1-0"]
[WhiteElo "2090"]
[BlackElo "1527"]
[PlyCount "37"]
[EventDate "2013.08.23"]
[EventType "team-swiss"]
[EventRounds "3"]
[EventCountry "POR"]
[SourceTitle "EXT 2015"]
[Source "ChessBase"]
[SourceDate "2014.11.20"]
[SourceVersion "1"]
[SourceVersionDate "2014.11.20"]
[SourceQuality "1"]
[WhiteTeam "Benfica"]
[BlackTeam "Pedro Hispano"]
[WhiteTeamCountry "POR"]
[BlackTeamCountry "POR"]

1. d4 Nf6 2. Nf3 g6 3. Nbd2 Bg7 4. e4 d6 5. c3 c5 6. Bb5+ Nfd7 7. a4 a6 8. Bc4 Nc6 9. Bxf7+ Kxf7 10. Ng5+ Ke8 11. Ne6 Qb6 12. Nc4 Qa7 13. Nxg7+ Kf7 14. Bh6 cxd4 15. Nxd6+ exd6 16. Qb3+ Ke7 17. Qe6+ Kd8 18. Qxd6 Qc5 19. Ne6+ 1-0

[Event "Faro Honra"]
[Site "Faro"]
[Date "2012.05.01"]
[Round "9"]
[White "Pacheco, Joao"]
[Black "Correia, Sandra Ventura"]
[Result "1/2-1/2"]
[WhiteElo "2060"]
[BlackElo "1854"]
[PlyCount "73"]
[EventDate "2012.04.21"]
[EventType "tourn"]
[EventRounds "9"]
[EventCountry "POR"]
[SourceTitle "CBM 148 Extra"]
[Source "ChessBase"]
[SourceDate "2012.06.22"]
[SourceVersion "1"]
[SourceVersionDate "2012.06.22"]
[SourceQuality "1"]

1. d4 g6 2. e4 Bg7 3. c3 d5 4. Nd2 c5 5. dxc5 d4 6. Bb5+ Nc6 7. cxd4 Qxd4 8. Qc2 Bd7 9. Ngf3 Qb4 10. Bxc6 Bxc6 11. 0-0 Rc8 12. a3 Qb5 13. Rb1 Nf6 14. b4 0-0 15. Nd4 Qa4 16. Qxa4 Bxa4 17. Bb2 Rfd8 18. Rfe1 Ng4 19. N4b3 Bh6 20. h3 Nxf2 21. Kxf2 Bxd2 22. Nxd2 Rxd2+ 23. Re2 Rcd8 24. Bc3 Rxe2+ 25. Kxe2 Bc2 26. Ra1 Bxe4 27. g3 f5 28. h4 Rd3 29. Be5 a6 30. Kf2 Kf7 31. Ke2 Ke6 32. Bf4 Kd5 33. Rd1 Rxd1 34. Kxd1 e5 35. Bc1 Bd3 36. Kd2 e4 37. Kc3 1/2-1/2

[Event "Banyoles op-A 5th"]
[Site "Banyoles"]
[Date "2002.08.03"]
[Round "1"]
[White "Mirzoev, Azer"]
[Black "Pacheco, Joao"]
[Result "1-0"]
[WhiteElo "2498"]
[BlackElo "2064"]
[PlyCount "61"]
[EventDate "2002.08.02"]
[EventType "swiss"]
[EventRounds "9"]
[EventCountry "ESP"]
[SourceTitle "CBM 089 Extra"]
[Source "ChessBase"]
[SourceDate "2002.09.10"]
[SourceVersion "2"]
[SourceVersionDate "2002.09.10"]
[SourceQuality "1"]

1. d4 Nf6 2. Nf3 e6 3. c4 b6 4. Nc3 Bb7 5. Qc2 Be7 6. e4 d6 7. Bd3 Nc6 8. a3 e5 9. d5 Nb8 10. 0-0 Nbd7 11. b4 0-0 12. Be3 c6 13. h3 Qc7 14. dxc6 Bxc6 15. Rfc1 Rfc8 16. Nd2 Nh5 17. Nd5 Qd8 18. Qd1 Nhf6 19. Nb1 Nxd5 20. cxd5 Bb7 21. Nd2 f5 22. exf5 Bxd5 23. Bc4 Bxc4 24. Nxc4 Qf8 25. Qd5+ Qf7 26. Qb7 Qxf5 27. Nxd6 Rxc1+ 28. Rxc1 Qf8 29. Qd5+ Kh8 30. Nf7+ Qxf7 31. Qxf7 1-0

[Event "POR-chT"]
[Site "Portugal"]
[Date "1999.??.??"]
[Round "4"]
[White "Damaso, Rui"]
[Black "Pacheco, Joao"]
[Result "1-0"]
[WhiteElo "2404"]
[BlackElo "2018"]
[PlyCount "59"]
[EventDate "1999.??.??"]
[EventType "team"]
[EventRounds "9"]
[EventCountry "POR"]
[SourceTitle "EXT 2001"]
[Source "ChessBase"]
[SourceDate "2000.11.22"]
[SourceVersion "1"]
[SourceVersionDate "2000.11.22"]
[SourceQuality "1"]

1. Nf3 d5 2. c4 c6 3. d4 Nf6 4. Nc3 dxc4 5. a4 Bf5 6. e3 e6 7. Bxc4 h6 8. 0-0 Nbd7 9. Qe2 Ne4 10. Bd3 Ndf6 11. Qc2 Ng5 12. Bxf5 Nxf3+ 13. gxf3 exf5 14. Qxf5 Qd7 15. Qxd7+ Kxd7 16. e4 Bb4 17. Rd1 Rad8 18. Bf4 Rhe8 19. Rac1 a6 20. d5 Ke7 21. dxc6 bxc6 22. Na2 Rxd1+ 23. Rxd1 Ba5 24. Kf1 Nh5 25. Be3 Rb8 26. b4 Bb6 27. Rc1 Kd7 28. Rc4 g5 29. Nc1 Ng7 30. Nd3 1-0

[Event "POR-chT"]
[Site "Portugal"]
[Date "1999.??.??"]
[Round "3"]
[White "Pacheco, Joao"]
[Black "Silva, Antonio Augusto MC"]
[Result "0-1"]
[WhiteElo "2018"]
[BlackElo "2224"]
[PlyCount "88"]
[EventDate "1999.??.??"]
[EventType "team"]
[EventRounds "9"]
[EventCountry "POR"]
[SourceTitle "EXT 2001"]
[Source "ChessBase"]
[SourceDate "2000.11.22"]
[SourceVersion "1"]
[SourceVersionDate "2000.11.22"]
[SourceQuality "1"]

1. d4 f5 2. c4 Nf6 3. Nc3 d6 4. Nf3 g6 5. g3 Bg7 6. Bg2 0-0 7. 0-0 Qe8 8. e4 fxe4 9. Ng5 Nc6 10. Be3 Bf5 11. Ngxe4 Nxe4 12. Nxe4 h6 13. f4 e5 14. fxe5 dxe5 15. d5 Nd4 16. g4 Bd7 17. Nc5 Rxf1+ 18. Bxf1 Bc8 19. Bd3 Qf8 20. Ne4 Bd7 21. h3 Qe7 22. Kg2 Rf8 23. Qd2 Kh7 24. Rf1 Rxf1 25. Kxf1 Qf8+ 26. Qf2 Qxf2+ 27. Kxf2 b6 28. Kg3 Be8 29. b4 Kg8 30. h4 Kf8 31. Nc3 Ke7 32. c5 Kd8 33. c6 Bf7 34. Be4 a6 35. a4 Ke7 36. a5 bxa5 37. bxa5 Kd6 38. Bc1 Kc5 39. Ba3+ Kc4 40. Nd1 Nb5 41. Ne3+ Kd4 42. Kf3 Nxa3 43. d6 Nb5 44. d7 Bf6 0-1